| 000 | 00406nam a2200145Ia 4500 | ||
|---|---|---|---|
| 008 | 230917s9999||||xx |||||||||||||| ||und|| | ||
| 040 |
_e82997 _aMAIN |
||
| 041 | _aEnglish | ||
| 082 | _a515.353 D73D | ||
| 100 | _aDore, giovanni | ||
| 245 | 0 | _aDifferential equations in banach spaces: proceedings of the bologna conference | |
| 260 |
_aNew York _bMarcel Dekker _c1993 |
||
| 300 | _ax, 270 p. | ||
| 942 | _cBK | ||
| 999 |
_c95676 _d95676 |
||